| 000 | 01312nam a2200265 i 4500 | ||
|---|---|---|---|
| 001 | 63511 | ||
| 003 | ES-MaACL | ||
| 005 | 20250830061158.0 | ||
| 007 | t| | ||
| 008 | 031211m19491950sp ||||1| lat d | ||
| 100 | 0 |
_aJuan Bautista Ferreres, _cBeato, _d1881-1936 _950536 |
|
| 245 | 1 | 0 |
_aCompendium theologiae moralis ad norman codicis canonici / _cauctores Joanne B. Ferreres. |
| 250 |
_aEditio Decima Septima, décima post codicem / _bquam recognovit Alfredus Mondria. |
||
| 260 |
_aBarcinona : _bEugenio Subirana, _c1949-1950. |
||
| 300 |
_a2 v. ; _c22 cm. |
||
| 510 |
_aCCPB, _c000889120-6 |
||
| 650 | 7 |
_aMoral cristiana _2 _9142371 |
|
| 700 | 1 |
_aMondria, Alfredus. _982153 |
|
| 852 |
_aES-MaACL _jD-6307 _bR.31683 _bR.M.5902 _965910 _cSVI _fSello en tinta azul de la Biblioteca del Ateneo de Madrid _hSello en tinta: "Donativo". _zEn cubierta: "11. MAR.1952" ; "6 bis" _dOlim: E/M-425 _pv.1 |
||
| 852 |
_aES-MaACL _jD-6308 _bR.31683 _bR.M.5903 _cSVI _pv.2 _9204914 _dOlim: E/M-426 _fSello en tinta azul de la Biblioteca del Ateneo de Madrid _hSello en tinta: "Donativo". _zEn cubierta: "11. MAR.1952" ; "6 bis" |
||
| 942 |
_2udc _cMONOGRAFIA |
||
| 999 |
_c63511 _d63511 |
||